Scoutisme - Chant de promesse - Statistiques

Statistiques générales
  • Ce quiz a été pris 64 fois
  • Le résultat moyen est 80 sur 93
Statistiques - réponses
Hint Réponse % Correct
ma
100%
ma
100%
ma
100%
à
98%
a
98%
de
98%
de
98%
de
98%
de
98%
de
98%
je
98%
je
98%
Refrain Je
98%
Couplet 2 Je
98%
je
98%
je
98%
je
98%
Couplet 4 Je
98%
je
98%
je
98%
je
98%
promesse
98%
en
96%
en
96%
Jésus
96%
m'engage
96%
protège
96%
Seigneur
96%
Seigneur
96%
veux
94%
veux
94%
Couplet 1 Devant
92%
et
92%
et
92%
et
92%
mon
92%
mon
92%
plus
92%
plus
92%
sans
92%
Couplet 5 Ta
92%
te
92%
te
92%
tous
92%
tous
92%
cesse
90%
fais
90%
hommage
90%
t'aimer
90%
honneur
88%
moi
88%
sur
88%
sur
88%
au
84%
fier
84%
tout
82%
chrétien
80%
coeur
80%
jure
80%
le
80%
patrie
80%
suis
80%
suis
80%
suivre
80%
Tien
80%
entier
78%
les
78%
les
78%
Couplet 3 Fidèle
76%
livre
76%
Ton
76%
vie
76%
amour
75%
jour
75%
jours
75%
tes
75%
Tu
75%
aider
73%
apôtres
73%
autres
73%
chaque
73%
sacré
73%
serai
73%
servirai
73%
un
73%
faible
71%
m'aimes
71%
nous
71%
pour
71%
droit
69%
maintiendrai
69%
mêmes
61%
Règle
59%
Aucun quiz correspondant
Distribution des résultats
% des personnes avec chaque résultat
Percentile par nombre de réponses
Votre historique - résultats
Vous n’avez pas pris ce quiz